[Event "I Open Alfa Lum A"]
[Site "Cagliari ITA"]
[Date "2009.08.28"]
[Round "1"]
[White "Toniolo, Massimo"]
[Black "Cerioni, Armando"]
[Result "0-1"]
[WhiteElo "1674"]
[BlackElo "1987"]
[PlyCount "142"]
[EventDate "2009.08.28"]

1. e4 e5 2. Nf3 Nc6 3. Bb5 a6 4. Ba4 Nf6 5. O-O Be7 6. Re1 b5 7. Bb3 d6 8. c3
O-O 9. h3 Na5 10. Bc2 c5 11. d4 Nd7 12. Nbd2 exd4 13. cxd4 Nc6 14. Nf1 Bf6 15.
Bf4 Re8 16. Bxd6 cxd4 17. Rb1 Nde5 18. Bc5 Nxf3+ 19. Qxf3 Ne5 20. Qd1 Ng6 21.
Qd3 Nf4 22. Qf3 Be5 23. Bb3 Qg5 24. Kh1 a5 25. Ng3 Ra6 26. Ne2 Rf6 27. Nxd4
Nxh3 28. Nf5 Nf4 29. Be7 Rh6+ 30. Nxh6+ Qxh6+ 31. Kg1 Rxe7 32. Rbc1 Ba6 33.
Red1 Ne2+ 34. Kf1 Nd4 35. g3 g6 36. Qg2 Qh5 37. Rd2 b4+ 38. Bc4 Rc7 39. b3
Bxc4+ 40. bxc4 Bg7 41. f4 Qc5 42. e5 Bf8 43. Qf2 Nc6 44. Qxc5 Bxc5 45. Rd5 Ne7
46. Rd8+ Kg7 47. Rcd1 Nf5 48. R1d3 Ne3+ 49. Ke2 Nxc4 50. R3d7 Rxd7 51. Rxd7 Bb6
52. e6 Kf8 53. Rxf7+ Ke8 54. Rxh7 a4 55. Rb7 b3 56. axb3 axb3 57. Kd3 b2 58.
Kc2 Bd4 59. g4 Na3+ 60. Kd3 Bh8 61. Ke4 b1=Q+ 62. Rxb1 Nxb1 63. f5 g5 64. Kd5
Bf6 65. Ke4 Ke7 66. Kd5 Nc3+ 67. Kc4 Ne4 68. Kd3 Nf2+ 69. Ke3 Nxg4+ 70. Kf3 Nh6
71. Ke4 Kd6 0-1

[Event "I Open Alfa Lum A"]
[Site "Cagliari ITA"]
[Date "2009.08.28"]
[Round "2"]
[White "Boi, Fausto"]
[Black "Sitzia, Carlo"]
[Result "1/2-1/2"]
[WhiteElo "1830"]
[BlackElo "1487"]
[PlyCount "130"]
[EventDate "2009.08.28"]

1. d3 e6 2. a3 d5 3. Nc3 Nf6 4. Bg5 Be7 5. Qd2 c5 6. e3 Nc6 7. Be2 h6 8. Bh4
O-O 9. g4 Nh7 10. Bg3 Bd6 11. f4 Bc7 12. d4 b6 13. Nf3 Bb7 14. h4 Ne7 15. h5 f6
16. Bd3 f5 17. gxf5 Nxf5 18. Bf2 Nf6 19. O-O-O Qe8 20. Be2 a6 21. Nh4 Ne7 22.
Rdg1 Rf7 23. Bd3 b5 24. Ng6 c4 25. Bf1 a5 26. Ne5 Rf8 27. Bh3 Nf5 28. Bxf5 exf5
29. Bh4 b4 30. Qg2 Qe7 31. Ng6 Qxe3+ 32. Kb1 Rf7 33. Re1 Qxd4 34. Bf2 Qd2 35.
Re2 bxc3 36. Rxd2 cxd2 37. Bd4 Ne4 38. Ne5 Bxe5 39. Bxe5 d4 40. Qh2 Rd8 41. Rd1
c3 42. b3 Bc6 43. Qg2 a4 44. b4 Bd5 45. Qh2 Rc8 46. Bxd4 Rb7 47. Qg1 Rcb8 48.
Ka1 Rc8 49. Qg6 Rf7 50. Rg1 Rc6 51. Qg2 Re7 52. Qe2 Rcc7 53. Qb5 Be6 54. Qe2
Bc4 55. Qf3 Bb5 56. Rd1 Rc4 57. Bf2 Nxf2 58. Qxf2 Rce4 59. Qc5 Bc4 60. Qxf5 Re1
61. Qc8+ Kh7 62. Qf5+ Kg8 63. Qc8+ Kh7 64. Qf5+ Kg8 65. Qc8+ Kh7 1/2-1/2

[Event "I Open Alfa Lum A"]
[Site "Cagliari ITA"]
[Date "2009.08.28"]
[Round "2"]
[White "Di Pinto, Vincenzo"]
[Black "Rocco, Luciano"]
[Result "0-1"]
[WhiteElo "1571"]
[BlackElo "1506"]
[PlyCount "74"]
[EventDate "2009.08.28"]

1. e4 c6 2. Nf3 d5 3. exd5 cxd5 4. d4 Nf6 5. Be2 Nbd7 6. Bf4 e6 7. O-O Be7 8.
Nbd2 O-O 9. Rc1 Qb6 10. Nb3 a5 11. a4 Bd6 12. Be3 Qc7 13. h3 Nb6 14. Bb5 Nc4
15. Rb1 Nxe3 16. fxe3 Ne4 17. Nfd2 Bh2+ 18. Kh1 Ng3+ 19. Kxh2 Nxf1+ 20. Kg1
Nxe3 21. Qh5 Qg3 22. Qe2 Nxc2 23. Rc1 Qe3+ 24. Qxe3 Nxe3 25. Nc5 Nf5 26. Nf3
Nd6 27. Bd3 b6 28. Nb3 f6 29. Rc6 Nc4 30. Bxc4 dxc4 31. Nbd2 Rb8 32. Nxc4 b5
33. axb5 Rxb5 34. Nd6 Rb8 35. Nd2 Bb7 36. Rc5 Bd5 37. Rxa5 Rxb2 0-1

[Event "I Open Alfa Lum A"]
[Site "Cagliari ITA"]
[Date "2009.08.28"]
[Round "2"]
[White "Lobina, Paolo"]
[Black "Saccheri, Fabio"]
[Result "1/2-1/2"]
[WhiteElo "1767"]
[BlackElo "1742"]
[PlyCount "61"]
[EventDate "2009.08.28"]

1. c4 Nf6 2. d4 g6 3. Nc3 Bg7 4. Nf3 d6 5. e3 O-O 6. Be2 c5 7. d5 Ne8 8. Qc2 f5
9. b3 Nd7 10. Bb2 Ne5 11. O-O Nxf3+ 12. Bxf3 g5 13. Be2 Be5 14. f4 gxf4 15.
exf4 Bd4+ 16. Kh1 Rf6 17. Nb5 Bxb2 18. Qxb2 a6 19. Nc3 Rh6 20. Rae1 e5 21. fxe5
Qh4 22. h3 Qg3 23. Bf3 dxe5 24. Ne2 Qg7 25. Ng1 e4 26. Qxg7+ Kxg7 27. Bd1 Nd6
28. Ne2 Bd7 29. Nf4 Re8 30. Re3 Kh8 31. Be2 1/2-1/2

[Event "I Open Alfa Lum A"]
[Site "Cagliari ITA"]
[Date "2009.08.28"]
[Round "2"]
[White "Maldarelli, Lorenzo"]
[Black "Me, Gianantonio"]
[Result "1/2-1/2"]
[WhiteElo "1798"]
[BlackElo "1978"]
[PlyCount "113"]
[EventDate "2009.08.28"]

1. d4 Nf6 2. c4 e6 3. Nf3 b6 4. Bg5 Bb7 5. e3 Be7 6. Nc3 d5 7. Bxf6 Bxf6 8.
cxd5 exd5 9. Bd3 O-O 10. h4 c5 11. Bxh7+ Kxh7 12. Ng5+ Bxg5 13. hxg5+ Kg6 14.
Qh5+ Kf5 15. f4 Ke6 16. O-O-O Na6 17. Qg4+ Ke7 18. e4 Nc7 19. exd5 Rg8 20.
Rhe1+ Kf8 21. dxc5 bxc5 22. Qf5 Qd6 23. Re5 Re8 24. Rde1 Rh8 25. Nb5 Rxe5 26.
fxe5 Qd8 27. e6 Nxe6 28. dxe6 Qe7 29. Nd6 Bxg2 30. Nxf7 Bh3 31. Qe5 Rh5 32.
Qb8+ Qe8 33. Qd6+ Kg8 34. g6 Bf5 35. Qd1 Bxg6 36. Qd8 Qxd8 37. Nxd8 Kf8 38. Rg1
Be4 39. Nf7 Rh1 40. Rxh1 Bxh1 41. Kd2 Ke7 42. Ng5 Bd5 43. a3 Bxe6 44. Ne4 c4
45. Kc3 Bd5 46. Nd2 Kd6 47. Nxc4+ Bxc4 48. Kxc4 g5 49. Kd4 g4 50. b4 g3 51. Ke3
Kd5 52. a4 Kc4 53. b5 Kb4 54. Kf3 g2 55. Kxg2 Kxa4 56. Kf2 Kxb5 57. Ke3 1/2-1/2

[Event "I Open Alfa Lum A"]
[Site "Cagliari ITA"]
[Date "2009.08.28"]
[Round "2"]
[White "Melis, Daniele"]
[Black "Nessi, Davide"]
[Result "1-0"]
[WhiteElo "1368"]
[BlackElo "1584"]
[PlyCount "133"]
[EventDate "2009.08.28"]

1. e4 e6 2. d4 d5 3. exd5 exd5 4. c4 dxc4 5. Bxc4 Nf6 6. Nf3 Bd6 7. Nc3 O-O 8.
O-O Bg4 9. Re1 c6 10. Bg5 Qc7 11. Bxf6 Bxh2+ 12. Kh1 gxf6 13. g3 Bxg3 14. Rg1
Kh8 15. Rxg3 Qf4 16. Be2 Rg8 17. Nh2 Qxf2 18. Rxg4 Nd7 19. Rxg8+ Rxg8 20. Qf1
Qe3 21. Rd1 Qh6 22. Rd3 Qg6 23. Rf3 b5 24. Bd3 Qg5 25. Rh3 h5 26. Rf3 Qd2 27.
Ne4 Qxb2 28. Nxf6 Nxf6 29. Rxf6 Rg7 30. Rxf7 Qxd4 31. Rf8+ Rg8 32. Rxg8+ Kxg8
33. Qg1+ Qxg1+ 34. Kxg1 Kf7 35. Nf3 Ke6 36. Kf2 Kd5 37. Ke2 Kc5 38. Kd2 a5 39.
Kc3 Kd5 40. Kb3 Kc5 41. Kc3 Kd5 42. Bg6 h4 43. Nxh4 c5 44. Bf7+ Kc6 45. Nf5 a4
46. Be8+ Kb6 47. Bxb5 Kxb5 48. Nd6+ Kc6 49. Ne4 Kd5 50. Nd2 a3 51. Nc4 Kc6 52.
Nxa3 Kb6 53. Kb3 Ka5 54. Nc4+ Kb5 55. Nb2 Ka5 56. Kc4 Ka6 57. Kxc5 Ka5 58. a4
Ka6 59. Nc4 Ka7 60. Kb5 Kb7 61. Nb6 Ka7 62. a5 Kb7 63. a6+ Ka7 64. Nd7 Ka8 65.
Nf8 Ka7 66. Ne6 Kb8 67. Kb6 1-0

[Event "I Open Alfa Lum A"]
[Site "Cagliari ITA"]
[Date "2009.08.28"]
[Round "2"]
[White "Pani, Luca"]
[Black "Ravagnani, Tiziano"]
[Result "0-1"]
[WhiteElo "1500"]
[BlackElo "2053"]
[PlyCount "102"]
[EventDate "2009.08.28"]

1. d4 Nf6 2. Nf3 g6 3. Nbd2 d5 4. e3 Bg7 5. Bd3 O-O 6. O-O Nc6 7. c3 e5 8. Nxe5
Nxe5 9. dxe5 Ng4 10. Nf3 Nxe5 11. Nxe5 Bxe5 12. Re1 Qd6 13. f4 Bg7 14. Qf3 Bf5
15. Rd1 Rad8 16. Bxf5 gxf5 17. Bd2 Rfe8 18. Be1 Qb6 19. Bf2 Qxb2 20. Rab1 Qxa2
21. Rxb7 Qa6 22. Rdb1 Bxc3 23. Rxc7 d4 24. Qh5 Qg6 25. Qxg6+ hxg6 26. exd4 Bxd4
27. Bxd4 Rxd4 28. Rxa7 Rxf4 29. h3 Kg7 30. Rf1 Rfe4 31. Rf2 Rc8 32. Ra3 f4 33.
h4 Rh8 34. Rh3 Rh5 35. Rff3 Rd5 36. Rf2 Rd1+ 37. Kh2 f5 38. Rc2 Ree1 39. g3
Rh1+ 40. Kg2 Rdg1+ 41. Kf2 Rf1+ 42. Ke2 f3+ 43. Ke3 Rxh3 44. Rc7+ Kf8 45. Kf4
f2 46. Kg5 Re1 47. Kxg6 Rxg3+ 48. Kh5 f1=Q 49. Rc8+ Re8 50. Rc1 Qf3+ 51. Kh6
Re6+ 0-1

[Event "I Open Alfa Lum A"]
[Site "Cagliari ITA"]
[Date "2009.08.28"]
[Round "2"]
[White "Pili, Giangiuseppe"]
[Black "Palmas, Alessandro"]
[Result "0-1"]
[WhiteElo "1698"]
[BlackElo "1820"]
[PlyCount "60"]
[EventDate "2009.08.28"]

1. d4 Nf6 2. Nf3 g6 3. c4 c5 4. Bg5 Bg7 5. Nc3 cxd4 6. Nxd4 O-O 7. g3 Nc6 8.
Bg2 h6 9. Nxc6 bxc6 10. Bxf6 Bxf6 11. Rc1 Rb8 12. Qd2 Bg7 13. O-O Qb6 14. b3
Rd8 15. e4 Qd4 16. Qc2 Qb6 17. Rfd1 d6 18. Na4 Qc7 19. c5 Bb7 20. Rd2 e6 21.
cxd6 Rxd6 22. Rcd1 Rbd8 23. Rxd6 Rxd6 24. Rxd6 Qxd6 25. Nc5 Bc8 26. h3 Bd4 27.
Nd3 Ba6 28. e5 Bxd3 29. Qxc6 Qxc6 30. Bxc6 Bxe5 0-1

[Event "I Open Alfa Lum A"]
[Site "Cagliari ITA"]
[Date "2009.08.28"]
[Round "2"]
[White "Putzolu, Marcello"]
[Black "Sorcinelli, Andrea"]
[Result "1-0"]
[WhiteElo "1872"]
[BlackElo "1833"]
[PlyCount "25"]
[EventDate "2009.08.28"]

1. d4 e6 2. c4 f5 3. Nc3 Nf6 4. Nf3 Be7 5. g3 O-O 6. Bg2 d6 7. O-O Ne4 8. Qc2
Nxc3 9. bxc3 Nc6 10. Rb1 Rb8 11. Be3 a6 12. Nd2 Bf6 13. Bxc6 1-0

[Event "I Open Alfa Lum A"]
[Site "Cagliari ITA"]
[Date "2009.08.28"]
[Round "2"]
[White "Puzzoni, Christian"]
[Black "Erriu, Giampiero"]
[Result "1-0"]
[WhiteElo "2101"]
[BlackElo "1757"]
[PlyCount "53"]
[EventDate "2009.08.28"]

1. e4 c5 2. Nf3 e6 3. b4 b6 4. bxc5 bxc5 5. Nc3 Nc6 6. Bb5 Be7 7. e5 Bb7 8. O-O
Nh6 9. Ne4 Nf5 10. c3 Qc7 11. d4 cxd4 12. cxd4 Qb6 13. Rb1 a6 14. Bd3 Qa7 15.
Bg5 Bxg5 16. Nfxg5 Ncxd4 17. g4 Bxe4 18. Nxe4 Ne7 19. Rb7 O-O 20. Rxa7 Rxa7 21.
Ng5 Ng6 22. Bxg6 hxg6 23. Qxd4 Rc7 24. Qd6 Ra7 25. Rc1 f6 26. Nh7 Re8 27. exf6
1-0

[Event "I Open Alfa Lum A"]
[Site "Cagliari ITA"]
[Date "2009.08.28"]
[Round "2"]
[White "Serra, Mattia"]
[Black "Lobina, Giulio"]
[Result "0-1"]
[WhiteElo "1518"]
[BlackElo "1775"]
[PlyCount "74"]
[EventDate "2009.08.28"]

1. d4 e6 2. c4 Nf6 3. Nc3 Bb4 4. Bg5 Bxc3+ 5. bxc3 b6 6. Nf3 Bb7 7. e3 h6 8.
Bh4 d6 9. Bxf6 Qxf6 10. Be2 Nd7 11. Qc2 g5 12. e4 h5 13. Nd2 h4 14. h3 c5 15.
d5 e5 16. Qa4 Qe7 17. Bg4 Bc8 18. Qc6 Rb8 19. Qc7 O-O 20. Qxa7 Rb7 21. Qa3 Nf6
22. Bxc8 Rxc8 23. Ke2 Nh5 24. Rhb1 Ra7 25. Qc1 Ra6 26. Qc2 Re8 27. Rb3 Qd7 28.
Nf3 f6 29. Rab1 Qa4 30. Nd2 Rea8 31. R1b2 Nf4+ 32. Kf3 Qe8 33. g3 hxg3 34. fxg3
Qh5+ 35. g4 Qxh3+ 36. Kf2 Qg2+ 37. Ke1 Qe2# 0-1

[Event "I Open Alfa Lum A"]
[Site "Cagliari ITA"]
[Date "2009.08.28"]
[Round "2"]
[White "Sotgiu, Roberto"]
[Black "Toniolo, Massimo"]
[Result "1-0"]
[WhiteElo "1726"]
[BlackElo "1674"]
[PlyCount "131"]
[EventDate "2009.08.28"]

1. e4 c5 2. Nc3 e6 3. f4 Nc6 4. Nf3 Qc7 5. g3 a6 6. Bg2 b5 7. d3 Bb7 8. O-O g6
9. Be3 d6 10. Ne2 Bg7 11. c3 Nf6 12. h3 O-O 13. g4 Rfd8 14. Qe1 Rac8 15. f5
exf5 16. gxf5 d5 17. fxg6 fxg6 18. Ng5 Qe7 19. Qf2 dxe4 20. dxe4 Ne5 21. Nf4
Nd3 22. Nxd3 Rxd3 23. Rfd1 Rxd1+ 24. Rxd1 Bxe4 25. Nxe4 Nxe4 26. Qf3 Re8 27.
Re1 Ng5 28. Qd5+ Nf7 29. Bf2 Qd8 30. Rxe8+ Qxe8 31. Qxc5 Qd7 32. Qd5 Qxd5 33.
Bxd5 Kf8 34. Bb6 Nd6 35. Bc5 Ke7 36. Bb7 a5 37. Bc6 b4 38. cxb4 axb4 39. Bxb4
Bxb2 40. a4 Ke6 41. Bg2 Nc4 42. Kf2 Ke5 43. Bf1 Ba3 44. Bc3+ Kd5 45. a5 Bc5+
46. Kf3 Ne5+ 47. Kf4 Nc6 48. Bg2+ Kc4 49. Be1 Ne7 50. Kg5 Be3+ 51. Kf6 Nd5+ 52.
Bxd5+ Kxd5 53. Kg7 g5 54. Kxh7 Kc6 55. Kg6 Kb5 56. Kf5 Bc1 57. Ke4 Kc5 58. Bf2+
Kb5 59. Be3 Bb2 60. Bxg5 Kxa5 61. Kf5 Kb5 62. h4 Kc6 63. h5 Kd7 64. Kg6 Ke8 65.
h6 Kf8 66. h7 1-0

[Event "I Open Alfa Lum A"]
[Site "Cagliari ITA"]
[Date "2009.08.29"]
[Round "3"]
[White "Cerioni, Armando"]
[Black "Puzzoni, Christian"]
[Result "0-1"]
[WhiteElo "1987"]
[BlackElo "2101"]
[PlyCount "78"]
[EventDate "2009.08.28"]

1. b3 e5 2. Bb2 Nc6 3. e3 Nf6 4. Bb5 Bd6 5. Ne2 a6 6. Bxc6 dxc6 7. d3 Bg4 8.
Nd2 Qe7 9. O-O b5 10. Qe1 Nd5 11. a3 f5 12. c4 Nf6 13. b4 c5 14. bxc5 Bxc5 15.
Nb3 bxc4 16. Nxc5 Qxc5 17. d4 exd4 18. exd4 Qe7 19. f3 Bh5 20. Qc3 O-O 21.
Qxc4+ Bf7 22. Qd3 Rab8 23. Bc1 Rfe8 24. Re1 Qd7 25. Qxa6 Rb6 26. Qd3 Rb3 27.
Qd1 Bc4 28. Kf2 c5 29. Bd2 Qd5 30. Rc1 Rxa3 31. Bc3 Ra2 32. Rc2 Bb3 33. Nf4
Rxe1 34. Rxa2 Rxd1 35. Nxd5 Bxa2 36. Nxf6+ gxf6 37. dxc5 Rc1 38. Bxf6 Rxc5 39.
g4 f4 0-1

[Event "I Open Alfa Lum A"]
[Site "Cagliari ITA"]
[Date "2009.08.29"]
[Round "3"]
[White "Dessy, Eugenio"]
[Black "Nessi, Davide"]
[Result "0-1"]
[WhiteElo "1665"]
[BlackElo "1584"]
[PlyCount "35"]
[EventDate "2009.08.28"]

1. e4 e6 2. d4 d5 3. exd5 exd5 4. Nc3 Nf6 5. Bg5 Be7 6. Bd3 Bg4 7. Be2 Bxe2 8.
Qxe2 O-O 9. Nf3 Nbd7 10. O-O c6 11. Rfe1 Re8 12. Qd3 Qc7 13. Ne2 Ne4 14. Bf4
Bd6 15. Bxd6 Qxd6 16. Rac1 Qh6 17. c3 f6 18. Qe3 0-1

[Event "I Open Alfa Lum A"]
[Site "Cagliari ITA"]
[Date "2009.08.29"]
[Round "3"]
[White "Erriu, Giampiero"]
[Black "Costa, Gabriele"]
[Result "1/2-1/2"]
[WhiteElo "1757"]
[BlackElo "1320"]
[PlyCount "114"]
[EventDate "2009.08.28"]

1. d4 e5 2. d5 f5 3. c4 Bc5 4. e3 Nf6 5. Be2 O-O 6. Nh3 d6 7. a3 a5 8. Nc3 c6
9. Bd2 Ng4 10. O-O Qh4 11. Qe1 f4 12. Bxg4 Bxg4 13. f3 Bxe3+ 14. Bxe3 Qxe1 15.
Raxe1 Bxh3 16. Bc1 Bf5 17. Ne4 Bxe4 18. Rxe4 Nd7 19. dxc6 bxc6 20. Rd1 d5 21.
cxd5 cxd5 22. Rxd5 Nf6 23. Rexe5 Nxd5 24. Rxd5 h6 25. h4 Rfd8 26. Rxd8+ Rxd8
27. Bxf4 a4 28. Be5 Kf7 29. Bc3 h5 30. Kf2 Re8 31. f4 Kg6 32. Be5 Rg8 33. Kf3
Kf5 34. g3 g6 35. Bc3 Ke6 36. g4 Rd8 37. gxh5 gxh5 38. Ke4 Rg8 39. f5+ Kf7 40.
Kd5 Rg4 41. Be1 Kf6 42. Kc5 Kxf5 43. Kb5 Re4 44. Bb4 Rxh4 45. Kxa4 Rg4 46. Kb5
h4 47. a4 h3 48. Bd6 Rd4 49. Bc7 Rd2 50. b4 h2 51. Bxh2 Rxh2 52. a5 Ke5 53. a6
Ra2 54. Kb6 Kd5 55. a7 Kc4 56. b5 Rxa7 57. Kxa7 Kxb5 1/2-1/2

[Event "I Open Alfa Lum A"]
[Site "Cagliari ITA"]
[Date "2009.08.29"]
[Round "3"]
[White "Lobina, Giulio"]
[Black "Melis, Daniele"]
[Result "1-0"]
[WhiteElo "1775"]
[BlackElo "1368"]
[PlyCount "113"]
[EventDate "2009.08.28"]

1. b4 d5 2. Bb2 Bf5 3. Nf3 Nf6 4. e3 e6 5. b5 c6 6. a4 a6 7. c4 Nbd7 8. Nc3 Bd6
9. Nd4 Ne5 10. Nxf5 exf5 11. cxd5 cxd5 12. Qb3 Bc7 13. Ne2 Ne4 14. Nf4 Nf6 15.
b6 Bb8 16. Rc1 Nf3+ 17. gxf3 Bxf4 18. exf4 O-O 19. Rg1 d4 20. Bd3 Re8+ 21. Kd1
Nh5 22. Rc7 Re7 23. Rxe7 Qxe7 24. Bxd4 g6 25. Be3 Qd7 26. Rg5 Ng7 27. h4 Ne6
28. Bxf5 Re8 29. h5 Kh8 30. hxg6 fxg6 31. Bxe6 Rxe6 32. Qc3+ Kg8 33. Qc4 Kf8
34. Rd5 Qc6 35. Qxc6 Rxc6 36. Rd7 Rc4 37. Rxb7 Rxa4 38. Rxh7 Kg8 39. Ra7 Ra1+
40. Ke2 a5 41. b7 Rb1 42. Ra8+ Kg7 43. b8=Q Rxb8 44. Rxb8 a4 45. Bd4+ Kf7 46.
Rb6 a3 47. Rf6+ Ke7 48. Rxg6 a2 49. f5 Kf7 50. Rg7+ Kf8 51. Ra7 Ke8 52. f6 Kf8
53. Bc5+ Kg8 54. f7+ Kg7 55. f8=Q+ Kg6 56. Rg7+ Kh6 57. Qh8# 1-0

[Event "I Open Alfa Lum A"]
[Site "Cagliari ITA"]
[Date "2009.08.29"]
[Round "3"]
[White "Masala, Diego"]
[Black "Boi, Fausto"]
[Result "1/2-1/2"]
[WhiteElo "1464"]
[BlackElo "1830"]
[PlyCount "50"]
[EventDate "2009.08.28"]

1. e4 d6 2. d4 e6 3. f4 Ne7 4. Nf3 g6 5. Bd3 Bg7 6. e5 dxe5 7. fxe5 O-O 8. O-O
b6 9. Bg5 Bb7 10. Nbd2 Na6 11. Ne4 Nb4 12. Nf6+ Kh8 13. c3 Nbd5 14. Qd2 c5 15.
c4 Nb4 16. Bh6 Bxf3 17. Rxf3 Qxd4+ 18. Kh1 Nf5 19. Rxf5 exf5 20. Bxg7+ Kxg7 21.
Nh5+ gxh5 22. Qg5+ Kh8 23. Qf6+ Kg8 24. Qg5+ Kh8 25. Qf6+ Kg8 1/2-1/2

[Event "I Open Alfa Lum A"]
[Site "Cagliari ITA"]
[Date "2009.08.29"]
[Round "3"]
[White "Massa, Gianluca"]
[Black "Rocco, Luciano"]
[Result "0-1"]
[WhiteElo "1545"]
[BlackElo "1506"]
[PlyCount "138"]
[EventDate "2009.08.28"]

1. d4 Nf6 2. c4 g6 3. Nc3 Bg7 4. e4 d6 5. Nf3 Nbd7 6. Be2 O-O 7. O-O e5 8. d5
h6 9. Be3 Re8 10. Ne1 Nf8 11. Nd3 Bd7 12. b4 a5 13. a3 b6 14. f3 g5 15. Qd2 Ng6
16. c5 bxc5 17. bxc5 Bc8 18. Rab1 Nh5 19. cxd6 cxd6 20. Nb5 Re7 21. Rfc1 Ba6
22. a4 Bxb5 23. Rxb5 Nhf4 24. Nxf4 Nxf4 25. Bb6 Nxe2+ 26. Qxe2 Qb8 27. Qd2 Rb7
28. Bc7 Qa7+ 29. Kf1 Rxc7 30. Rcb1 Rac8 31. Rxa5 Rc1+ 32. Rxc1 Rxc1+ 33. Qxc1
Qxa5 34. Qc6 Bf8 35. Ke2 Qa7 36. Kf1 Qc5 37. Qxc5 dxc5 38. a5 Bd6 39. a6 Bb8
40. d6 Kf8 41. Ke2 Ke8 42. Kd3 Kd7 43. Kc4 Kxd6 44. Kb5 Ba7 45. h3 f6 46. g3
Ke6 47. Kc4 f5 48. Kb5 f4 49. gxf4 exf4 50. Kc4 Ke5 51. Kc3 h5 52. Kd3 g4 53.
hxg4 hxg4 54. fxg4 f3 55. Ke3 f2 56. Kxf2 Kxe4 57. Ke2 Kf4 58. Kd3 Kxg4 59. Kc4
Kf4 60. Kd5 Kf5 61. Kc4 Ke4 62. Kc3 Kd5 63. Kd3 Kc6 64. Kc4 Kd6 65. Kd3 Kd5 66.
Kc3 c4 67. Kd2 Kd4 68. Kc2 c3 69. Kd1 Kd3 0-1

[Event "I Open Alfa Lum A"]
[Site "Cagliari ITA"]
[Date "2009.08.29"]
[Round "3"]
[White "Me, Gianantonio"]
[Black "Lobina, Paolo"]
[Result "1/2-1/2"]
[WhiteElo "1978"]
[BlackElo "1767"]
[PlyCount "75"]
[EventDate "2009.08.28"]

1. Nf3 c5 2. c4 Nc6 3. Nc3 Nf6 4. g3 e6 5. Bg2 Be7 6. d4 d5 7. cxd5 Nxd5 8. e4
Nxc3 9. bxc3 cxd4 10. cxd4 O-O 11. O-O b6 12. Be3 Ba6 13. Re1 Rc8 14. Qa4 Bb7
15. Rac1 Na5 16. Nd2 Qe8 17. Qxe8 Rfxe8 18. Nb3 Nc4 19. Red1 Ba3 20. Rc2 Nxe3
21. Rxc8 Rxc8 22. fxe3 Rc2 23. Rd2 Rxd2 24. Nxd2 Bc1 25. Nf1 Ba6 26. Kf2 Bc4
27. a3 Bxa3 28. Nd2 Ba2 29. Bf1 Kf8 30. Nc4 Bxc4 31. Bxc4 Ke7 32. Ke2 Kd6 33.
Kd3 a5 34. Bb5 e5 35. g4 f6 36. h3 g5 37. Kc4 Bc1 38. Kd3 1/2-1/2

[Event "I Open Alfa Lum A"]
[Site "Cagliari ITA"]
[Date "2009.08.29"]
[Round "3"]
[White "Palmas, Alessandro"]
[Black "Maldarelli, Lorenzo"]
[Result "1/2-1/2"]
[WhiteElo "1820"]
[BlackElo "1798"]
[PlyCount "91"]
[EventDate "2009.08.28"]

1. e4 c5 2. Nc3 Nc6 3. Bb5 e6 4. Bxc6 bxc6 5. f4 d5 6. e5 Ne7 7. Nf3 d4 8. Ne4
Nd5 9. d3 Be7 10. O-O Qc7 11. c4 dxc3 12. bxc3 f5 13. exf6 Nxf6 14. Ne5 O-O 15.
Qf3 Nxe4 16. Qxe4 Bf6 17. Bd2 Rb8 18. Rab1 Rb6 19. Rxb6 axb6 20. Nxc6 Re8 21.
Ne5 Bb7 22. Qe3 b5 23. Rb1 Ba6 24. Ng4 Qd6 25. Qg3 e5 26. Re1 e4 27. Nxf6+ Qxf6
28. Rxe4 Rd8 29. Qe3 Bc8 30. Re8+ Kf7 31. Rxd8 Qxd8 32. d4 Be6 33. a3 c4 34.
Bc1 g6 35. Kf1 Bf5 36. Qe5 Qa5 37. Qd5+ Be6 38. Qf3 Qa4 39. Qe2 Qb3 40. Qd2 Bd5
41. g3 Qb1 42. Ke2 Qf5 43. Qe3 Qh3 44. Qf2 Be4 45. Ke1 Ke6 46. Bd2 1/2-1/2

[Event "I Open Alfa Lum A"]
[Site "Cagliari ITA"]
[Date "2009.08.29"]
[Round "3"]
[White "Ravagnani, Tiziano"]
[Black "Putzolu, Marcello"]
[Result "0-1"]
[WhiteElo "2053"]
[BlackElo "1872"]
[PlyCount "58"]
[EventDate "2009.08.28"]

1. e4 e5 2. Nf3 Nc6 3. Bc4 Be7 4. O-O Nf6 5. Nc3 O-O 6. d4 exd4 7. Nxd4 d6 8.
Nf5 Bxf5 9. exf5 Ne5 10. Be2 d5 11. f4 Nc4 12. Nxd5 Qxd5 13. Qxd5 Nxd5 14. Bxc4
Bc5+ 15. Kh1 Ne3 16. Bxe3 Bxe3 17. g4 Rfe8 18. g5 Kf8 19. h4 c6 20. Bd3 Rad8
21. f6 gxf6 22. Bxh7 fxg5 23. fxg5 Kg7 24. Bd3 Rd4 25. Kg2 Rxh4 26. Kg3 Bxg5
27. Rae1 Rxe1 28. Rxe1 Rb4 29. b3 Bh4+ 0-1

[Event "I Open Alfa Lum A"]
[Site "Cagliari ITA"]
[Date "2009.08.29"]
[Round "3"]
[White "Saccheri, Fabio"]
[Black "Sotgiu, Roberto"]
[Result "1-0"]
[WhiteElo "1742"]
[BlackElo "1726"]
[PlyCount "47"]
[EventDate "2009.08.28"]

1. Nf3 d5 2. d4 Nf6 3. g3 b6 4. c4 e6 5. Bg2 Bb7 6. O-O Nbd7 7. Nc3 Bd6 8. Qc2
O-O 9. Rd1 c5 10. dxc5 Nxc5 11. Nb5 Bb8 12. cxd5 exd5 13. b3 Qe7 14. e3 Be5 15.
Nxe5 Qxe5 16. Bb2 Qh5 17. Nd4 Rac8 18. Qf5 Qg6 19. Rac1 Qxf5 20. Nxf5 Nce4 21.
Ne7+ Kh8 22. Nxc8 Bxc8 23. Bxf6 Nxf6 24. Bxd5 1-0

[Event "I Open Alfa Lum A"]
[Site "Cagliari ITA"]
[Date "2009.08.29"]
[Round "3"]
[White "Sitzia, Carlo"]
[Black "Pili, Giangiuseppe"]
[Result "1/2-1/2"]
[WhiteElo "1487"]
[BlackElo "1698"]
[PlyCount "85"]
[EventDate "2009.08.28"]

1. d4 Nf6 2. c4 b6 3. Nf3 Bb7 4. e3 e6 5. Bd3 d6 6. O-O Nbd7 7. b3 Ne4 8. Bb2
Be7 9. Nbd2 Ndf6 10. Rc1 O-O 11. Qc2 Nxd2 12. Qxd2 Bxf3 13. gxf3 c5 14. f4 Rc8
15. Qe2 d5 16. Qf3 Re8 17. Qh3 b5 18. dxc5 g6 19. cxd5 Qxd5 20. Bxb5 Red8 21.
Bc4 Qd2 22. Bxf6 Bxf6 23. b4 Qxb4 24. Bb3 Rxc5 25. Rb1 Qe4 26. Qg2 Qc6 27. Qxc6
Rxc6 28. Kh1 Rd2 29. Rbd1 Rcd6 30. Rxd2 Rxd2 31. Kg2 Bh4 32. Bc4 Kf8 33. Bb3
Ke7 34. a4 Kf6 35. Bd1 Kf5 36. Kf3 h6 37. h3 g5 38. Be2 h5 39. Rg1 g4+ 40.
hxg4+ hxg4+ 41. Rxg4 Rxe2 42. Rxh4 Ra2 43. Rh5+ 1/2-1/2

[Event "I Open Alfa Lum A"]
[Site "Cagliari ITA"]
[Date "2009.08.29"]
[Round "3"]
[White "Sorcinelli, Andrea"]
[Black "Pani, Luca"]
[Result "0-1"]
[WhiteElo "1833"]
[BlackElo "1500"]
[PlyCount "82"]
[EventDate "2009.08.28"]

1. e4 c5 2. Nf3 g6 3. d4 cxd4 4. Nxd4 Nc6 5. Be3 Bg7 6. c3 Nf6 7. f3 O-O 8. Qd2
Nxd4 9. cxd4 d5 10. e5 Ne8 11. Bh6 Qb6 12. Bxg7 Nxg7 13. Nc3 e6 14. g4 Bd7 15.
h4 f6 16. f4 Rac8 17. h5 g5 18. h6 Ne8 19. Rh5 a6 20. Bd3 Rc7 21. exf6 Rxf6 22.
Rxg5+ Kf8 23. Bxh7 Rxh6 24. Rh5 Rxh5 25. gxh5 Nf6 26. Bg6 Be8 27. f5 exf5 28.
Qh6+ Ke7 29. O-O-O Ne4 30. Kc2 Ba4+ 31. Kd3 Nf2+ 32. Ke2 Bxd1+ 33. Kxf2 Qxd4+
34. Kg3 f4+ 35. Qxf4 Qg1+ 36. Kh4 Rc5 37. Qe5+ Kd7 38. Qg7+ Kd8 39. Qg8+ Kc7
40. Nxd5+ Rxd5 41. Qxd5 Qg4# 0-1

[Event "I Open Alfa Lum A"]
[Site "Cagliari ITA"]
[Date "2009.08.29"]
[Round "3"]
[White "Toniolo, Massimo"]
[Black "Serra, Mattia"]
[Result "1-0"]
[WhiteElo "1674"]
[BlackElo "1518"]
[PlyCount "135"]
[EventDate "2009.08.28"]

1. e4 c6 2. d4 d5 3. Nc3 dxe4 4. Nxe4 Bf5 5. Ng3 Bg6 6. Bc4 e6 7. Nf3 Nd7 8.
O-O Ngf6 9. Bf4 Bb4 10. c3 Be7 11. Re1 O-O 12. Nh4 Nd5 13. Nxg6 hxg6 14. Bd2
N7f6 15. Ne4 Nxe4 16. Rxe4 c5 17. Qe1 Nc7 18. Rd1 cxd4 19. Bf4 Bf6 20. Rd3 Rc8
21. Be5 Bxe5 22. Rxe5 Qe7 23. Rxd4 Rcd8 24. Ree4 Rxd4 25. Rxd4 Rd8 26. Qd2 Rxd4
27. Qxd4 b6 28. Kf1 Ne8 29. Ke2 Nf6 30. f3 Qc7 31. g3 Nd7 32. f4 Nf6 33. h3 Qb7
34. Kd1 Qh1+ 35. Kc2 Qe4+ 36. Qxe4 Nxe4 37. g4 g5 38. Bd3 Nf2 39. fxg5 Nxh3 40.
g6 fxg6 41. Bxg6 Nf4 42. Be8 Kf8 43. Bc6 Ke7 44. Kd2 Kf6 45. Ke3 Kg5 46. Bf3
Nd5+ 47. Kf2 Nf6 48. Kg3 Nd7 49. b4 Ne5 50. Be2 Ng6 51. c4 Ne5 52. c5 Nc6 53.
b5 Ne7 54. c6 e5 55. c7 Kf6 56. Bd3 Ke6 57. c8=Q+ Nxc8 58. Bf5+ Kd5 59. Bxc8
Ke4 60. Bb7+ Ke3 61. g5 e4 62. Kg4 g6 63. Bd5 Kd3 64. Kf4 e3 65. Bf3 Kd4 66.
Be2 Kd5 67. Kxe3 Ke5 68. Bd3 1-0